Japones Hiragana - Estadísticas

Estadísticas generales
  • Esta prueba ha sido intentada 129 veces
  • La puntuación promedio es 31 de 71
Estadísticas de respuestas
Hint Respuesta % Correcto
A
64%
U
57%
I
56%
Ka
54%
Ku
54%
N
54%
Sa
52%
Shi
52%
O
51%
To
51%
Na
49%
Ni
49%
Tsu
49%
Te
49%
Go
49%
Ta
48%
Ya
48%
Yu
48%
E
48%
Ko
48%
Ha
46%
Gu
46%
Fu
46%
Se
46%
Ze
46%
Zo
46%
Yo
46%
Ga
44%
Da
44%
Ma
44%
Hi
44%
Mi
44%
O (Wo)
44%
So
44%
Po
44%
Ba
43%
Ra
43%
Ki
43%
Ke
43%
Do
43%
No
43%
Ho
43%
Bo
43%
Za
41%
Pa
41%
Ji
41%
Bi
41%
Pi
41%
Su
41%
Zu
41%
Nu
41%
Ne
41%
Mo
41%
Wa
39%
Gi
39%
Chi
39%
Ri
39%
Ge
39%
Pe
39%
Pu
38%
Mu
38%
Ru
38%
Be
38%
Ro
38%
Bu
36%
Me
36%
Re
36%
He
34%
De
33%
Dzu
30%
Dji
28%
No se encontraron pruebas coincidentes
Distribución de puntuación
Porcentaje de gente con cada puntuación
Porcentaje por número respondido
Historial de tus puntuaciones
No has intentado esta prueba.